Vital signs 1995-1996 : the trends that are shaping our future
Αποθηκεύτηκε σε:
| Κύριος συγγραφέας: | |
|---|---|
| Μορφή: | Βιβλίο |
| Γλώσσα: | English |
| Δημοσίευση: |
London :
Earthscan,
1995
|
| Θέματα: | |
| Ετικέτες: |
Προσθήκη ετικέτας
Δεν υπάρχουν, Καταχωρήστε ετικέτα πρώτοι!
|
MARC
| LEADER | 00000nam a2200000 i 4500 | ||
|---|---|---|---|
| 001 | 1/11682 | ||
| 008 | 971211s1995 eng d | ||
| 020 | |a 1-85383-276-6 | ||
| 035 | |1 ΠΑΡ |a 1997 |l 10018346 | ||
| 040 | |a GR-MY-UA |b gre |e aacr | ||
| 041 | 0 | |a eng | |
| 082 | 0 | |a 303.4905 | |
| 100 | 1 | |a Brown, Lester Russell |d 1934- | |
| 245 | 1 | 0 | |a Vital signs 1995-1996 : |b the trends that are shaping our future / |c Lester R. Brown...[et al.] |
| 260 | |a London : |b Earthscan, |c 1995 | ||
| 300 | |a 176 p. |b fig. | ||
| 650 | 0 | 0 | |a Economic forecasting |x Periodicals. |
| 650 | 0 | 0 | |a Social prediction |x Periodicals. |
| 650 | 0 | 0 | |a Environmental indicators |x Periodicals. |
| 650 | 0 | 0 | |a Social indicators |x Periodicals. |
| 650 | 0 | 0 | |a Economic indicators |x Periodicals. |
| 852 | |a INST |b LESVOS |e 19971211 |h 303.4905 BRO |p 005100015235 |q 005100015235 |t BK |y 0 | ||
| 909 | |a Λ |b 051525 | ||
| 922 | |a 1ΕΛΗ |b 199711 |c ΚΠΣ/ΣΚΟΥΡΤΟΣ |d ΠΑΠΑΣΩΤΗΡΙΟΥ | ||
| 950 | |a 054/1996-02-06 | ||